Dispersion Forces II Many-Body Effects, Excited Atoms, Finite Temperature and Quantum Friction /

In this book, a modern unified theory of dispersion forces on atoms and bodies is presented which covers a broad range of advanced aspects and scenarios. Macroscopic quantum electrodynamics is shown to provide a powerful framework for dispersion forces which allows for discussing general properties...

Full description

Bibliographic Details
Main Author: Buhmann, Stefan Yoshi (Author)
Corporate Author: SpringerLink (Online service)
Format: Electronic eBook
Language:English
Published: Berlin, Heidelberg : Springer Berlin Heidelberg : Imprint: Springer, 2012.
Series:Springer Tracts in Modern Physics, 248
Subjects:
Online Access:Full Text via HEAL-Link
LEADER 03332nam a22005655i 4500
001 978-3-642-32466-6
003 DE-He213
005 20151125211115.0
007 cr nn 008mamaa
008 130202s2012 gw | s |||| 0|eng d
020 |a 9783642324666  |9 978-3-642-32466-6 
024 7 |a 10.1007/978-3-642-32466-6  |2 doi 
040 |d GrThAP 
050 4 |a QC176-176.9 
072 7 |a PNFS  |2 bicssc 
072 7 |a SCI077000  |2 bisacsh 
082 0 4 |a 530.41  |2 23 
100 1 |a Buhmann, Stefan Yoshi.  |e author. 
245 1 0 |a Dispersion Forces II  |h [electronic resource] :  |b Many-Body Effects, Excited Atoms, Finite Temperature and Quantum Friction /  |c by Stefan Yoshi Buhmann. 
264 1 |a Berlin, Heidelberg :  |b Springer Berlin Heidelberg :  |b Imprint: Springer,  |c 2012. 
300 |a XXI, 309 p. 34 illus.  |b online resource. 
336 |a text  |b txt  |2 rdacontent 
337 |a computer  |b c  |2 rdamedia 
338 |a online resource  |b cr  |2 rdacarrier 
347 |a text file  |b PDF  |2 rda 
490 1 |a Springer Tracts in Modern Physics,  |x 0081-3869 ;  |v 248 
505 0 |a Introduction -- Approximating Casimir–Polder potentials -- Common properties of dispersion forces -- Casimir–Polder forces on excited atoms: static theory -- Casimir–Polder forces on excited atoms: dynamical approach -- Casimir–Polder forces in cavity quantum electrodynamics -- Thermal Casimir–Polder forces -- Casimir–Polder forces on moving atoms. 
520 |a In this book, a modern unified theory of dispersion forces on atoms and bodies is presented which covers a broad range of advanced aspects and scenarios. Macroscopic quantum electrodynamics is shown to provide a powerful framework for dispersion forces which allows for discussing general properties like their non-additivity and the relation between microscopic and macroscopic interactions. It is demonstrated how the general results can be used to obtain dispersion forces on atoms in the presence of bodies of various shapes and materials. Starting with a brief recapitulation of volume I, this volume II deals especially with bodies of irregular shapes, universal scaling laws, dynamical forces on excited atoms, enhanced forces in cavity quantum electrodynamics, non-equilibrium forces in thermal environments and quantum friction. The book gives both the specialist and those new to the field a thorough overview over recent results in the field. It provides a toolbox for studying dispersion forces in various contexts. 
650 0 |a Physics. 
650 0 |a Quantum physics. 
650 0 |a Atoms. 
650 0 |a Solid state physics. 
650 0 |a Magnetism. 
650 0 |a Magnetic materials. 
650 0 |a Nanoscale science. 
650 0 |a Nanoscience. 
650 0 |a Nanostructures. 
650 1 4 |a Physics. 
650 2 4 |a Solid State Physics. 
650 2 4 |a Quantum Physics. 
650 2 4 |a Magnetism, Magnetic Materials. 
650 2 4 |a Atomic, Molecular, Optical and Plasma Physics. 
650 2 4 |a Nanoscale Science and Technology. 
710 2 |a SpringerLink (Online service) 
773 0 |t Springer eBooks 
776 0 8 |i Printed edition:  |z 9783642324659 
830 0 |a Springer Tracts in Modern Physics,  |x 0081-3869 ;  |v 248 
856 4 0 |u http://dx.doi.org/10.1007/978-3-642-32466-6  |z Full Text via HEAL-Link 
912 |a ZDB-2-PHA 
950 |a Physics and Astronomy (Springer-11651)